000 00935nas a2200289 4500
001 BR0800244
003 BR-BrBNA
005 20231205111441.0
007 ta
008 230509b bl.|||p| |||| 00| 00por d
040 _aBR-BrBNA
_bpor
_cBiblioteca Nacional de Agricultura
041 _a(Pt)
072 _aL51
100 1 _aModesto, E.C.
100 1 _aSantos, G.T. do
100 1 _aVilela, D.
100 1 _aGonçalvez, G.D.
100 1 _aMatsushita, M.
245 1 _aEfeitos nutricionais e metabológicos de dietas ricas em ácidos graxos polisaturados para os ruminantes e os benefícios para o homem
650 _aRUMINANTE
650 _aNUTRIÇÃO ANIMAL
650 _aACIDO GRAXO
650 _aDIETA
773 0 _tArquivo de Ciências Veterinárias e Zoologia da UNIPAR (Brazil)
_xISSN 1415-8167
_g(Jan-Jun 2002), v. 5(1) p. 119-134
_wBR0800244
909 _a202311
_bLúcia
_c55
_dLúcia Elande
942 _2AGRIS
_n0
_cANA
999 _c192799
_d192799